| 000 | 00523nam a2200205Ia 4500 | ||
|---|---|---|---|
| 003 | GCL | ||
| 008 | 140319s9999 xx 000 0 eng d | ||
| 040 |
_aGCL / _cGCL |
||
| 082 | 0 | 4 |
_a747.4 _bH P |
| 100 | 1 | _aHOME HOW TO INSTITUTE | |
| 245 | 1 | 0 |
_aPROTFILIS OF FLOORING IDEAS / _cHOME HOW TO INSTITUTE |
| 260 |
_a[S.N] : _bCY DECOSSE INCORPORATED ، _c1995 |
||
| 300 | _a96 P | ||
| 650 | 0 | 4 | _aART |
| 650 | 0 | 4 | _aFLOORS |
| 650 | 0 | 4 | _aFLOORING, TILE |
| 650 | 0 | 4 | _aHOME DECORATING |
| 650 | 0 | 4 | _aFLOORING |
| 942 |
_2ddc _cBK |
||
| 999 |
_c14066 _d14066 |
||